000 00354nam a22001577a 4500
008 230915b |||||||| |||| 00| 0 eng d
020 _a81-7808126-1
082 _a105.5
100 _aY I Shah
245 _aProgramming In C++
_cY I Shah
260 _aNew Delhi
_bISTE
300 _a8.52
650 _aBB CSE
796 _aY I Shah
942 _2ddc
_cBK
999 _c20133
_d20133